Essai sur la signification de la mort

Kaydedildi:
Detaylı Bibliyografya
Yazar: Vuillemin, Jules
Materyal Türü: Kitap
Dil:Undetermined
Baskı/Yayın Bilgisi: París, Francia Presses Universitaries de France 1948
Konular:
Etiketler: Etiketle
Etiket eklenmemiş, İlk siz ekleyin!

MARC

LEADER 00000nam a2200000Ia 4500
008 170316s9999 xx 000 0 und d
090 |a 100 V-28e 
100 |a Vuillemin, Jules 
245 |a Essai sur la signification de la mort 
260 |a París, Francia 
260 |b Presses Universitaries de France 
260 |c 1948 
300 |a 315 páginas 
650 |a FILOSOFÍA 
999 |c 17875  |d 17875 
040 |a cru BVZT 
942 |c 15 D  |h 100 V-28e  |2 z